Como conquistar um lama (Registo nº 6038)

Detalhes MARC
000 -Etiqueta do registo
Valores 00780nam a2200241 4500
010 ## - Número ISBN
ISBN 9789720722591
021 ## - Número do Depósito Legal
Número 450502/18
100 ## - Dados gerais de processamento
Dados gerais 20251001d2019 bc y0pory50030103ba
200 1# - Titulo e menção de responsabilidade
Título próprio Como conquistar um lama
Primeira menção de responsabilidade adapt. Cristiana Neves
Outras menções de responsabilidade il. Stuart Lynch
210 #9 - Publicação
Local de publicação Porto
Nome do editor Porto Editora
Data de publicação 2019
215 ## - Descrição física 
Paginação / Volumes [10] p.
Outras indicações físicas il.
330 ## - Sumário ou Resumo
Texto da nota Se queres conquistar um lama, usa estas rimas mirabolantes! Descobre os divertidos lamas com lantejoulas cintilantes!
606 ## - Nome comum usado como assunto
ID Autoridade 14
Palavra de ordem Literatura infantil
606 ## - Nome comum usado como assunto
ID Autoridade 13
Palavra de ordem Literatura Estrangeira
675 ## - CDU
Notação 82-93
Edição BN
Língua por
675 ## - CDU
Notação 821.1/.8
Edição BN
Língua por
702 ## - Autor secundário (pessoa individual)
Apelido Neves
Nome Cristiana
ID Autoridade 3316
702 ## - Autor secundário (pessoa individual)
Apelido Lynch
Nome Stuart
ID Autoridade 5729
801 #0 - Fonte de origem
País PT
Agência BEN2VN
Regras de catalogação RPC
830 ## - Notas gerais do catalogador
Criado por Tânia Croca
Data de criação 01/10/2025
990 ## - Elementos KOHA
Tipo de documento Livro
Exemplares
Situação do levantamento Biblioteca de origem Código de barras Cota Permissão de empréstimo Tipo de documento Forma de aquisição
  Biblioteca Escola Nº2 Vendas Novas 100000004451 LI EST/NEV   Livro  

Powered by Koha